| 000 | 01005nam a2200277 a 4500 | ||
|---|---|---|---|
| 001 | 42212 | ||
| 003 | BD-RjUL | ||
| 005 | 20211209053516.0 | ||
| 008 | 160611s1984 ii a b 001 0 eng | ||
| 020 | _a0836407822 : | ||
| 035 | _a(BD-RjUL)42330 | ||
| 040 |
_aDLC _cDLC _dDLC _dBD-RjUL _beng |
||
| 041 | _aeng | ||
| 082 | 0 | 0 |
_a327.7305492 _223 _bBIU 1984 |
| 100 | 1 |
_aBiswas, Jayasree _d1956- _9129816 |
|
| 245 | 1 | 0 |
_aUS-Bangladesh relations : _ba study of the political and economic development during 1971-81 / _cJayasree Biswas |
| 260 |
_aCalcutta, India : _bMinerva, _c1984. |
||
| 300 |
_a110 p. : _bill ; _c22 cm. |
||
| 500 | _aIncludes index. | ||
| 504 | _aBibliography: p. [104]-107. | ||
| 651 | 0 |
_aUnited States _xForeign relations _zBangladesh. _9129817 |
|
| 651 | 0 |
_aBangladesh _xForeign relations _zUnited States. _9129818 |
|
| 651 | 0 |
_aUnited States _xForeign economic relations _zBangladesh. _9129819 |
|
| 651 | 0 |
_aBangladesh _xForeign economic relations _zUnited States. _9129820 |
|
| 942 |
_2ddc _cBK |
||
| 999 |
_c42212 _d42212 |
||